000
00265nam a22001217a 4500
020
_a
0-09-906350-6
082
_a
808.3 CAR'D
100
_a
CARTLAND, BARBARA
_9
11921
245
_a
THE DREAM WITHIN
260
_a
LONDON
_b
ARROW
_c
1977
300
_a
255P
942
_c
BK
999
_c
581457
_d
581457